[Event "FRA-ch Blitz Online Qual"]
[Site "Europe Echecs INT"]
[Date "2020.05.16"]
[Round "11"]
[White "De Monts, Louis"]
[Black "Pothieux, Philippe"]
[Result "1-0"]
[WhiteElo "1630"]
[BlackElo "1796"]
[PlyCount "95"]
[EventDate "2020.05.16"]
[EventType "swiss (blitz)"]
[EventRounds "15"]
[EventCountry "FRA"]
[SourceTitle "CBM 196 Extra"]
[Source "ChessBase"]
[SourceDate "2020.07.31"]
[SourceVersion "1"]
[SourceVersionDate "2020.07.31"]
[SourceQuality "1"]

1. e4 e6 2. Nf3 d5 3. e5 c5 4. b4 cxb4 5. a3 bxa3 6. Bxa3 Bxa3 7. Nxa3 Bd7 8. d4 Ne7 9. Bd3 0-0 10. Bxh7+ Kxh7 11. Ng5+ Kg8 12. Qh5 Re8 13. Qxf7+ Kh8 14. Qh5+ Kg8 15. Qh7+ Kf8 16. Qh8+ Ng8 17. Nh7+ Kf7 18. h4 Nh6 19. Ng5+ Qxg5 20. hxg5 Rxh8 21. gxh6 Rxh6 22. Rf1 Bc6 23. c4 Nd7 24. f4 dxc4 25. Nxc4 Bxg2 26. Nd6+ Ke7 27. Rg1 Rh2 28. Ra2 Rh1 29. Raxg2 Rxg1+ 30. Rxg1 Rg8 31. Nxb7 Nb6 32. Nc5 Nd5 33. Rg4 a5 34. Ke2 g6 35. Kd3 Rg7 36. Rg1 Nxf4+ 37. Ke4 Nd5 38. Ra1 g5 39. Rxa5 g4 40. Ra7+ Kf8 41. Rxg7 Kxg7 42. Nxe6+ Kf7 43. Kxd5 g3 44. Nf4 Ke7 45. Ke4 Kd7 46. d5 Ke7 47. Kf3 Kd7 48. Kxg3 1-0

[Event "FRA-ch Blitz Online Qual"]
[Site "Europe Echecs INT"]
[Date "2020.05.16"]
[Round "15"]
[White "De Monts, Louis"]
[Black "Vallee, Louis"]
[Result "1-0"]
[WhiteElo "1630"]
[BlackElo "1864"]
[PlyCount "131"]
[EventDate "2020.05.16"]
[EventType "swiss (blitz)"]
[EventRounds "15"]
[EventCountry "FRA"]
[SourceTitle "CBM 196 Extra"]
[Source "ChessBase"]
[SourceDate "2020.07.31"]
[SourceVersion "1"]
[SourceVersionDate "2020.07.31"]
[SourceQuality "1"]

1. e4 e5 2. Nf3 Nc6 3. Bc4 Bc5 4. b4 Bxb4 5. c3 Ba5 6. d4 d6 7. 0-0 Nf6 8. dxe5 dxe5 9. Qxd8+ Kxd8 10. Bxf7 Nxe4 11. Bd5 Nxc3 12. Bxc6 bxc6 13. Nxe5 Bb7 14. Nf7+ Ke7 15. Nxh8 Rxh8 16. Ba3+ Kf7 17. Nxc3 Bxc3 18. Rab1 Ba6 19. Rfc1 Ba5 20. Rxc6 Bb6 21. Re1 Rd8 22. Rc2 Rd7 23. h3 Rd3 24. Bc5 Kf6 25. Bxb6 cxb6 26. Rc6+ Kf5 27. Rc7 Ra3 28. Rxa7 Rxa2 29. Rb1 Bd3 30. Rxa2 Bxb1 31. Rb2 Be4 32. Rxb6 h5 33. f3 Bd5 34. Rb5 Ke6 35. Kf2 g6 36. g4 hxg4 37. fxg4 Kd6 38. Kg3 Bc4 39. Rb6+ Ke5 40. Rxg6 Bd5 41. Rg5+ Ke6 42. Rxd5 Kxd5 43. Kf4 Ke6 44. Kg5 Kf7 45. Kh6 Kf6 46. g5+ Kf7 47. Kh7 Ke6 48. g6 Kf5 49. g7 Kf4 50. g8Q Ke4 51. Qg5 Kd4 52. Qe7 Kd5 53. Kg6 Kd4 54. Qe6 Kd3 55. Qe5 Kc4 56. Qd6 Kc3 57. Qd5 Kb4 58. Qc6 Kb3 59. Qc5 Kb2 60. Qc4 Ka3 61. Qb5 Ka2 62. Kf5 Ka1 63. Ke4 Ka2 64. Kd3 Ka3 65. Kc2 Ka2 66. Qb2# 1-0